Регионална библиотека "Любен Каравелов" - Русе

Към дело № 1 (Запис номер 132944)

MARC детайли
000 -Лидер
Контролно поле с фиксирана дължина 01803nam a2200397 c 4500
003 - Код на организацията, давaща контролен номер
Контролно поле BLK
005 - Дата и час на последна редакция
Контролно поле 20250128005513.0
008 - Елементи от данни с фиксирана дължина
fixed length control field 180409b bul|||||r ||||||| ||bul||
010 ## - Наследен системен номер
LC control number KNG00138829000
040 ## - Източник на каталожния запис
Идентификатор на билиотеката - собственик на записа BLK
041 ## - Код за език
Код за езика на текст/звукозапис или на отделно заглавие Български
Код за езика КДБФ Български
080 ## - УДК
Текстов определител УДК Вътрешна политика. Вж и 329
УДК код - определител по УДК 323
УДК определител (497.2)
УДК - код + определител 323(497.2)
080 ## - УДК
Текстов определител УДК Специална част на наказателното право. Видове наказуеми действия - Срещу собствена или чужда държава и управлението, политически престъпления,геноцид(прав.аспекти), наркотрафик, против мира, обществен
УДК код - определител по УДК 343.3/.7
УДК определител (497.2)
УДК - код + определител 343.3/.7(497.2)
100 1# - Редна дума - Автор
Автор Бонев, Ангел
Авторска отговорност първи автор
R(LIN) 323523
139 ## - Редно поле
Редна дума Бонев, Ангел
Авторски знак Бон - Б 62
245 10 - Сведения за заглавието
Заглавие Към дело № 1
Подзаглавни данни Факти, док., очевидци...
Редно поле (дума) Ангел Бонев.
257 ## - Страна на издаване
Страна на създаване/издаване България
260 ## - Област на издателските данни
-- София
Име на издателя, разпространителя и проч. Земиздат
Година на издаване 1991
300 ## - Физическа характеристика
Страници 112 с.
Илюстрации и др. с факс.
Размери/Мащаб 20 см
380 ## - Жанр
Жанр Обществени науки
500 ## - Общи забележки
Забележка 50 000 тир.
650 #4 - Допълнително описание по предмет – тема
Основно описание – тема или топоним Съдебни процеси - България
9 (RLIN) 252455
650 #0 - Допълнително описание по предмет – тема
Основно описание – тема или топоним България - вътрешна политика
9 (RLIN) 241559
651 #4 - Допълнително описание по предмет - топоним
Географско понятие България
9 (RLIN) 241624
653 ## - Ключова дума – ненормативна
Ключова дума съдебни процеси
653 ## - Ключова дума – ненормативна
Ключова дума вътрешна политика
653 ## - Ключова дума – ненормативна
Ключова дума факти
653 ## - Ключова дума – ненормативна
Ключова дума документи
653 ## - Ключова дума – ненормативна
Ключова дума българска история
852 ## - Местоположение
Форматна сигнатура Цб 164748
856 4# - Електронен адрес и достъп
Електронен формат pdf - файл
Път до файла /url/
856 4# - Електронен адрес и достъп
Електронен формат pdf - файл
Път до файла /url/
942 ## - АРТИКУЛИ
Вид на библиотечния материал Книги
Скрит в OPAC Не
944 ## - СЪЗДАВАНЕ И РЕДАКЦИЯ на ЗАПИСА
Създаване/Редакция Създаване
Дата на регистрацията/редакция 02.02.2013
Статус, дата на статуса CRON CRON
Служител, извършил регистрацията/редакцията
944 ## - СЪЗДАВАНЕ И РЕДАКЦИЯ на ЗАПИСА
Създаване/Редакция Редакция
Дата на регистрацията/редакция 02.02.2013
Статус, дата на статуса 02.02.2013 - от С1,Р / 02.02.2013
Служител, извършил регистрацията/редакцията
999 ## - СИСТЕМНИ КОНТРОЛНИ НОМЕРА
Koha biblionumber 132944
Koha biblioitemnumber 132944
Наличности
Код за отписване Код за изгубен артикул Източник на класификационната схема Код за повреда Коз за рестрикции Код за отдаване Артикулен № Име на библиотеката - собственик Име на библиотеката, в която се намира в момента Статус (Текущо местоположение) Дата на вписване в системата Местоположение - отдел Цена в лева Инвентарен номер Систематично азбучна сигнатура Баркод Номер на екземпляра Цена в евро Служебна бележка Служебен тип на артикула
  Не е изгубен Universal Decimal Classification Не е повреден без рестрикции ползва се в читалня 216821 Регионална библиотека "Любен Каравелов" Русе Регионална библиотека "Любен Каравелов" Русе Хранилище 1991-01-01 Хранилище 8.80 545433 Цб 164748 120000545433 1 4.50 Дост: Dp Вид: Д N: стар фонд Дата: 01.01.1991 Книги
Изтеглен Не е изгубен Universal Decimal Classification Не е повреден без рестрикции заемане за дома 216822 Регионална библиотека "Любен Каравелов" Русе Регионална библиотека "Любен Каравелов" Русе Заемна - подръчен фонд 1991-01-01 Заемна - подръчен фонд 8.80 544698 П 323(497.2)/Б 62 544698 2 4.50 Дост: Pk Вид: Ф N: стар фонд Дата: 01.01.1991 Дата инв: 20.01.2015 Бележки инв: П2015 Книги
Vip Innovations Ltd, Rousse, Bulgaria 2025